000 00432nam a2200157Ia 4500
008 210716s2008 xx 000 0 und d
020 _a9780070447257
041 _aeng
082 _a004.6X WILH
100 _aWilliamson, Heather.
245 _aXml: the complete reference.
_bThe complete reference.
250 _a1
260 _aNew Delhi
_bTata McGraw Hill Publishing Company Ltd
_c2008
300 _axxvi,965
650 _aNone
999 _c189611
_d189611